00736nam a2200193Ia 4500952014900000999001700149003000400166005001700170008004100187020001800228040000900246082002200255100002100277245008100298260005300379300000900432650005100441942005000492 00102ddc40708HISTORYaMESbMEScISLd2019-02-20g350.00l2o953.020924 AKR/Sp31197r2021-11-25 00:00:00s2021-11-15w2019-02-20yBKzGL44R2 c22677d22677OSt20200515114148.0190216s9999||||xx |||||||||||||| ||und|| a9798174354678 coclc a953.020924bAKR/S aAkram, A I92364 4aThe Sword Of Allah- Khalid Bin Al-Waleed His Life And Compaigns /cA I Akram bAdam Publishers&Distributors,aNew Delhi:c2006. a504p 0aHistory & geography92271vIslamic History cBK2ddch953.020924iAKR/Sk953.020924mAKR/S